000 00481nam a2200181 a 4500
001 1770813380019
003 YourLibrary
005 20260211180753.0
008 260211s2005##################000#0#eng##
020 _a9780737724264
082 0 4 _a306.7083
_bWAT
100 1 _aWatkins, Christine,
_eauthor.
245 1 0 _aTeen Sex :
260 _bGreenhaven Press, Incorporated,
_c2005.
650 0 _aPolitical Science.
942 _cENGLISH
040 _aYourLibrary
_beng
_cYourLibrary
999 _c611880
_d611880